Portfolio Diversification, Leverage, and Financial Contagion /

Models of 'contagion' rely on market imperfections to explain why adverse shocks in one asset market might be associated with asset sales in many unrelated markets. This paper demonstrates that contagion can be explained with basic portfolio theory without recourse to market imperfections....

Полное описание

Библиографические подробности
Главный автор: Smith, T.
Другие авторы: Schinasi, Garry
Формат: Журнал
Язык:English
Опубликовано: Washington, D.C. : International Monetary Fund, 1999.
Серии:IMF Working Papers; Working Paper ; No. 1999/136
Online-ссылка:Full text available on IMF
LEADER 01747cas a2200253 a 4500
001 AALejournalIMF001049
008 230101c9999 xx r poo 0 0eng d
020 |c 5.00 USD 
020 |z 9781451855791 
022 |a 1018-5941 
040 |a BD-DhAAL  |c BD-DhAAL 
100 1 |a Smith, T. 
245 1 0 |a Portfolio Diversification, Leverage, and Financial Contagion /  |c T. Smith, Garry Schinasi. 
264 1 |a Washington, D.C. :  |b International Monetary Fund,  |c 1999. 
300 |a 1 online resource (38 pages) 
490 1 |a IMF Working Papers 
500 |a <strong>Off-Campus Access:</strong> No User ID or Password Required 
500 |a <strong>On-Campus Access:</strong> No User ID or Password Required 
506 |a Electronic access restricted to authorized BRAC University faculty, staff and students 
520 3 |a Models of 'contagion' rely on market imperfections to explain why adverse shocks in one asset market might be associated with asset sales in many unrelated markets. This paper demonstrates that contagion can be explained with basic portfolio theory without recourse to market imperfections. It also demonstrates that 'Value-at-Risk' portfolio management rules do not have significantly different consequences for portfolio rebalancing and contagion than other rules. The paper's main conclusion is that portfolio diversification and leverage may be sufficient to explain why investors would find it optimal to sell many higher-risk assets when a shock to one asset occurs. 
538 |a Mode of access: Internet 
700 1 |a Schinasi, Garry. 
830 0 |a IMF Working Papers; Working Paper ;  |v No. 1999/136 
856 4 0 |z Full text available on IMF  |u http://elibrary.imf.org/view/journals/001/1999/136/001.1999.issue-136-en.xml  |z IMF e-Library